Регионална библиотека "Любен Каравелов" - Русе

Простете, но аз съществувам... (Запис номер 127087)

MARC детайли
000 -Лидер
Контролно поле с фиксирана дължина nam a22 a 4500
003 - Код на организацията, давaща контролен номер
Контролно поле BLK
005 - Дата и час на последна редакция
Контролно поле 20230504154116.0
008 - Елементи от данни с фиксирана дължина
fixed length control field 180409b bul|||||r ||||||| ||bul||
010 ## - Наследен системен номер
LC control number KNG00132785000
020 ## - Международен стандартен номер на книга ISBN
Международен стандартен номер на книга ISBN 954-8317-19-02
020 ## - Международен стандартен номер на книга ISBN
Международен стандартен номер на книга ISBN 954-8317-19-2
040 ## - Източник на каталожния запис
Идентификатор на билиотеката - собственик на записа BLK
041 ## - Код за език
Код за езика на текст/звукозапис или на отделно заглавие Български
Код за езика КДБФ Български
072 #7 - Код за тематичната категория
Код организация bullib
Код за тематична категория Я
Текст Автографи
072 #7 - Код за тематичната категория
Код организация bullib
Код за тематична категория К
Текст Краезнание
080 ## - УДК
Текстов определител УДК Българска литература
УДК код - определител по УДК 821.163.2
УДК определител -1
УДК - код + определител 821.163.2-1
100 1# - Редна дума - Автор
Автор Филипов, Михаил
Авторска отговорност първи автор
R(LIN) 375013
139 ## - Редно поле
Редна дума Филипов, Михаил
Авторски знак Фили - Ф 50
245 10 - Сведения за заглавието
Заглавие Простете, но аз съществувам...
Подзаглавни данни Стихотворения
Редно поле (дума) Михаил Филипов.
257 ## - Страна на издаване
Страна на създаване/издаване България
260 ## - Област на издателските данни
Място на издаване, разпространение и проч. София
Име на издателя, разпространителя и проч. Лице
Година на издаване 1993
Печатница София : ДФ ПК
300 ## - Физическа характеристика
Страници 112 с.
Размери/Мащаб 20 см
380 ## - Жанр
Жанр Худож. лит.
500 ## - Общи забележки
Забележка 2 500 тир.
653 ## - Ключова дума – ненормативна
Ключова дума стихотворения
659 ## - Тематичен бюлетин
Тематичен бюлетин К
659 ## - Тематичен бюлетин
Тематичен бюлетин Я
852 ## - Местоположение
Форматна сигнатура Цб 174592
Фондова буква Хранилище
852 ## - Местоположение
Форматна сигнатура К 821.163.2/Ф 50 М
856 4# - Електронен адрес и достъп
Електронен формат pdf - файл
Инструкция (цена за достъп) 0.00
Права за достъп disable
856 4# - Електронен адрес и достъп
Електронен формат pdf - файл
Инструкция (цена за достъп) 0.00
Права за достъп disable
999 ## - СИСТЕМНИ КОНТРОЛНИ НОМЕРА
Koha biblionumber 127087
Koha biblioitemnumber 127087
942 ## - АРТИКУЛИ
Вид на библиотечния материал Книги
Скрит в OPAC Не
Периодичен библиозапис Да
944 ## - СЪЗДАВАНЕ И РЕДАКЦИЯ на ЗАПИСА
Създаване/Редакция Създаване
Дата на регистрацията/редакция 13.08.2012
Статус, дата на статуса ф / 13.08.2012
Служител, извършил регистрацията/редакцията Наталия_Медовщикова
944 ## - СЪЗДАВАНЕ И РЕДАКЦИЯ на ЗАПИСА
Създаване/Редакция Редакция
Дата на регистрацията/редакция 12.04.2017
Статус, дата на статуса ф / 13.08.2012
Служител, извършил регистрацията/редакцията Людмила_Стоянова
999 ## - СИСТЕМНИ КОНТРОЛНИ НОМЕРА
Koha biblioitemnumber 127087
999 ## - СИСТЕМНИ КОНТРОЛНИ НОМЕРА
Koha biblioitemnumber 127087
999 ## - СИСТЕМНИ КОНТРОЛНИ НОМЕРА
Koha biblioitemnumber 127087
999 ## - СИСТЕМНИ КОНТРОЛНИ НОМЕРА
Koha biblioitemnumber 127087
999 ## - СИСТЕМНИ КОНТРОЛНИ НОМЕРА
Koha biblioitemnumber 127087
999 ## - СИСТЕМНИ КОНТРОЛНИ НОМЕРА
Koha biblioitemnumber 127087
Наличности
Код за отписване Код за изгубен артикул Източник на класификационната схема Код за повреда Коз за рестрикции Код за отдаване Артикулен № Име на библиотеката - собственик Име на библиотеката, в която се намира в момента Статус (Текущо местоположение) Дата на вписване в системата Местоположение - отдел Цена в лева Инвентарен номер Систематично азбучна сигнатура Баркод Номер на екземпляра Цена в евро Служебна бележка Служебен тип на артикула Номерация (Хронология)
  Не е изгубен Universal Decimal Classification Не е повреден без рестрикции ползва се в читалня 206817 Регионална библиотека "Любен Каравелов" Русе Регионална библиотека "Любен Каравелов" Русе Хранилище 1993-01-01 Хранилище 0.53 582222 Цб 174592 120000582222 1 0.27 Дост: Dp Вид: Д N: стар фонд Дата: 01.01.1993 Книги  
  Не е изгубен Universal Decimal Classification Не е повреден без рестрикции ползва се в читалня 206818 Регионална библиотека "Любен Каравелов" Русе Регионална библиотека "Любен Каравелов" Русе Хранилище 1993-01-01 Основен фонд - ползва се само за читалня 15.00 594734 Цб 174592 120000594734 2 7.67 Дост: Pk Вид: Ф N: стар фонд Дата: 01.01.1993 Книги Автограф: Михаил Филипов
Изтеглен Не е изгубен Universal Decimal Classification Не е повреден без рестрикции заемане за дома 206819 Регионална библиотека "Любен Каравелов" Русе Регионална библиотека "Любен Каравелов" Русе Заемна - подръчен фонд 1993-01-01 Заемна - подръчен фонд 1.05 594737 П 886.7-1/Ф 50 594737 3 0.54 Дост: Pk Вид: Ф N: стар фонд Дата: 01.01.1993 Книги  
Изтеглен Не е изгубен Universal Decimal Classification Не е повреден без рестрикции заемане за дома 206820 Регионална библиотека "Любен Каравелов" Русе Регионална библиотека "Любен Каравелов" Русе Заемна - подръчен фонд 1993-01-01 Заемна - подръчен фонд 1.05 594739 П 886.7-1/Ф 50 594739 4 0.54 Дост: Pk Вид: Ф N: стар фонд Дата: 01.01.1993 Книги  
  Не е изгубен Universal Decimal Classification Не е повреден без рестрикции заемане за дома 206821 Регионална библиотека "Любен Каравелов" Русе Регионална библиотека "Любен Каравелов" Русе Заемна - подръчен фонд 1993-01-01 Заемна - подръчен фонд 15.00 594740 П 821.163.2-1/Ф 50 120000594740 5 7.67 Дост: Pk Вид: Ф N: стар фонд Дата: 01.01.1993 Дата инв: 16.02.2018 Бележки инв: П2018 Книги  
Изтеглен Не е изгубен Universal Decimal Classification Не е повреден без рестрикции заемане за дома 206822 Регионална библиотека "Любен Каравелов" Русе Регионална библиотека "Любен Каравелов" Русе Заемна - подръчен фонд 1993-01-01 Заемна - подръчен фонд 1.05 594741 П 886.7-1/Ф 50 594741 6 0.54 Дост: Pk Вид: Ф N: стар фонд Дата: 01.01.1993 Книги  
  Не е изгубен Universal Decimal Classification Не е повреден само за читалня ползва се в читалня 206823 Регионална библиотека "Любен Каравелов" Русе Регионална библиотека "Любен Каравелов" Русе Краезнание 1993-01-01 Краезнание 0.53 584282 К 821.163.2/Ф 50 М 120000584282 7 0.27 Дост: Pk Вид: Ф N: стар фонд Дата: 01.01.1993 Дата инв: 15.11.2017 Бележки инв: К2017 Книги Автограф: Михаил Филипов
  Не е изгубен Universal Decimal Classification Не е повреден без рестрикции ползва се в читалня 206824 Регионална библиотека "Любен Каравелов" Русе Регионална библиотека "Любен Каравелов" Русе Краезнание 2016-12-01 Краезнание 9.00 120000806149 К 821.163.2/Ф 50 М 120000806149 8 4.60 Дост: DA Вид: А N: 44 Дата: 01.12.2016 Дата инв: 15.11.2017 Бележки инв: К2017 Книги Автограф: Михаил Филипов
Vip Innovations Ltd, Rousse, Bulgaria 2025